01017nam a22002297a 450000500170000000800410001702000150005804000070007304100080008008200200008810000280010824500580013626000280019430000280022252002800025065000270053065000360055770000300059394200120062399900190063595201330065420221223142759.0221223b ||||| |||| 00| 0 eng d a0415050855 cAL aeng 223a363.7bREDS aMichael Redclift967752 aSustainable Devlopment:bExploring the contradictions aLondonbRoutledgec1987 aviii,221p.bPBc21x13cm aArgues that environmental problems need to be looked at internationally, in terms of the global economic system, and that the degradation of the environment is not natural', but an historical process which is intrinsically linked and shaped by economic and political systems. aEconomic Models967753 aEnvironmental Management967754 aREDCLIFT (Michael)967755 2ddccDB c226086d226086 00102ddc40708ECOaALbALd2022-12-03l0o363.7 REDSpD05433r2022-12-23 00:00:00w2022-12-23yDBzDonated by V. T. Rajshekar